[Event "AUT-ch Vor4 Internet"]
[Site "Playchess.com INT"]
[Date "2020.04.25"]
[Round "6"]
[White "Heinritz, Dietmar"]
[Black "Redhammer, Markus"]
[Result "1-0"]
[WhiteElo "1887"]
[BlackElo "1899"]
[PlyCount "143"]
[EventDate "2020.04.25"]
[EventType "swiss (blitz)"]
[EventRounds "9"]
[EventCountry "AUT"]
[SourceTitle "EXT 2021"]
[Source "ChessBase"]
[SourceDate "2020.10.23"]
[SourceVersion "1"]
[SourceVersionDate "2020.10.23"]
[SourceQuality "1"]

1. d4 d6 2. e4 g6 3. Be3 Bg7 4. c3 Nf6 5. Bd3 0-0 6. f3 Nc6 7. Qd2 e5 8. d5 Ne7 9. Bh6 Ne8 10. Bxg7 Kxg7 11. h4 h5 12. Nh3 Nf6 13. Ng5 a6 14. b4 Qe8 15. a4 Bd7 16. Qa2 a5 17. b5 b6 18. Nd2 Nh7 19. Nc4 Nxg5 20. hxg5 f5 21. gxf6+ Rxf6 22. Qd2 Rf4 23. 0-0-0 Ng8 24. Rdf1 Qf7 25. Qe3 Rf8 26. Nd2 Ne7 27. g3 Rf6 28. Qg5 Rh8 29. g4 hxg4 30. Rxh8 Kxh8 31. Rh1+ Kg8 32. fxg4 Qg7 33. Be2 Rf2 34. Kd1 Rf6 35. Nf3 Rf4 36. Nh4 Rxe4 37. Bf3 Rxa4 38. Kc2 Rf4 39. Be2 Rf2 40. Kd2 Rf6 41. Nf3 Nxd5 42. Qh4 Nf4 43. Bc4+ Be6 44. Bxe6+ Nxe6 45. Ng5 Nxg5 46. Qxg5 Rf8 47. Rh6 Rf6 48. Ke3 Kf7 49. Qh4 Kg8 50. g5 Rf4 51. Qh3 Rf8 52. Qe6+ Rf7 53. Qe8+ Rf8 54. Qe6+ Rf7 55. Rxg6 Qxg6 56. Qxg6+ Kf8 57. Qh6+ Ke7 58. g6 Rf6 59. Qg7+ Ke6 60. Qg8+ Ke7 61. g7 Rg6 62. Qf8+ Kd7 63. g8Q Rxg8 64. Qxg8 Ke7 65. Qg7+ Kd8 66. Qf7 Kc8 67. Qe8+ Kb7 68. Qc6+ Kb8 69. Ke4 a4 70. Kd5 a3 71. Qc4 Kb7 72. Qa4 1-0

[Event "AUT-ch Vor4 Internet"]
[Site "Playchess.com INT"]
[Date "2020.04.25"]
[Round "7"]
[White "Redhammer, Markus"]
[Black "Janes, Christian"]
[Result "1-0"]
[WhiteElo "1899"]
[BlackElo "1740"]
[PlyCount "139"]
[EventDate "2020.04.25"]
[EventType "swiss (blitz)"]
[EventRounds "9"]
[EventCountry "AUT"]
[SourceTitle "EXT 2021"]
[Source "ChessBase"]
[SourceDate "2020.10.23"]
[SourceVersion "1"]
[SourceVersionDate "2020.10.23"]
[SourceQuality "1"]

1. e4 e5 2. d4 exd4 3. Qxd4 d6 4. Nc3 Nf6 5. Bc4 Be7 6. Bd2 c5 7. Qe3 a6 8. Nf3 0-0 9. Nd5 Nxd5 10. Bxd5 Nc6 11. 0-0 Bg4 12. h3 Bh5 13. Bc3 Bxf3 14. Qxf3 Rb8 15. Qg4 Ne5 16. Qg3 Bf6 17. Rfd1 Bh4 18. Qe3 Ng6 19. e5 Qg5 20. Qxg5 Bxg5 21. exd6 Rbd8 22. Bxb7 Nf4 23. Kf1 Rfe8 24. Bxa6 Re6 25. Bc4 Rexd6 26. Rxd6 Rxd6 27. Be5 Rd2 28. Re1 Ne6 29. Bd3 g6 30. g3 Nd4 31. Bxd4 cxd4 32. Re8+ Kg7 33. a4 h5 34. a5 Rd1+ 35. Kg2 Ra1 36. a6 h4 37. g4 Bf6 38. b4 Bg5 39. b5 Bd2 40. b6 Bb4 41. b7 Bd6 42. b8Q Bxb8 43. Rxb8 Kf6 44. Rd8 g5 45. Rxd4 Ke5 46. Rd8 f6 47. Rb8 Kd4 48. Rb7 Kc5 49. a7 Kc6 50. Rf7 Kb6 51. Be4 Rxa7 52. Rxa7 Kxa7 53. Kf3 Kb6 54. Bf5 Kc5 55. Ke4 Kd6 56. Kd4 Kc6 57. c4 Kd6 58. c5+ Kc6 59. Kc4 Kc7 60. Kd5 Kd8 61. Ke6 Kc7 62. Kxf6 Kc6 63. Kxg5 Kxc5 64. Kxh4 Kd4 65. Kg5 Ke5 66. Kg6 Kf4 67. h4 Kf3 68. h5 Kxf2 69. h6 Kg3 70. h7 1-0

[Event "AUT-ch Vor2 Internet"]
[Site "Playchess.com INT"]
[Date "2020.04.13"]
[Round "9"]
[White "Moerwald, Miriam"]
[Black "Redhammer, Markus"]
[Result "1-0"]
[WhiteElo "1760"]
[BlackElo "1899"]
[PlyCount "63"]
[EventDate "2020.04.13"]
[EventType "swiss (blitz)"]
[EventRounds "9"]
[EventCountry "AUT"]
[SourceTitle "CBM 195 Extra"]
[Source "ChessBase"]
[SourceDate "2020.05.31"]
[SourceVersion "1"]
[SourceVersionDate "2020.05.31"]
[SourceQuality "1"]

1. e4 d6 2. d4 g6 3. Nf3 Bg7 4. Nc3 Nf6 5. h3 0-0 6. Bc4 Nc6 7. 0-0 e5 8. Re1 exd4 9. Nxd4 Nxd4 10. Qxd4 Nd5 11. Qxd5 Be6 12. Qd3 Qh4 13. Bxe6 fxe6 14. Be3 Rf7 15. Qc4 Raf8 16. Re2 d5 17. Qd3 dxe4 18. Qxe4 Qh5 19. Qg4 Qa5 20. Qxe6 c6 21. Qb3 Qa6 22. Qa4 Bxc3 23. Qxa6 bxa6 24. bxc3 Rb8 25. Rd1 Rb2 26. Rd8+ Kg7 27. Bd4+ Kh6 28. Re4 g5 29. Re6+ Kh5 30. Rxc6 Rxc2 31. g4+ Kh4 32. Rh6# 1-0

[Event "AUT-ch Vor2 Internet"]
[Site "Playchess.com INT"]
[Date "2020.04.13"]
[Round "8"]
[White "Redhammer, Markus"]
[Black "Steininger, Barbara"]
[Result "0-1"]
[WhiteElo "1899"]
[BlackElo "1622"]
[PlyCount "59"]
[EventDate "2020.04.13"]
[EventType "swiss (blitz)"]
[EventRounds "9"]
[EventCountry "AUT"]
[SourceTitle "CBM 195 Extra"]
[Source "ChessBase"]
[SourceDate "2020.05.31"]
[SourceVersion "1"]
[SourceVersionDate "2020.05.31"]
[SourceQuality "1"]

1. e4 c5 2. d4 cxd4 3. c3 dxc3 4. Nxc3 Nc6 5. Nf3 e6 6. e5 d6 7. Bb5 d5 8. 0-0 Bd7 9. Bg5 Nge7 10. Rc1 a6 11. Ba4 Rc8 12. Ne2 b5 13. Bb3 Na5 14. Ned4 Nac6 15. Qe2 Qb6 16. Nxc6 Rxc6 17. Rxc6 Nxc6 18. Rc1 Bc5 19. Bh4 0-0 20. Bg3 Rc8 21. Bc2 Nd4 22. Nxd4 Bxd4 23. Qd3 g6 24. b3 Rc3 25. Qd2 Qc6 26. h3 Bc5 27. Bb1 Rxc1+ 28. Qxc1 Bxf2+ 29. Bxf2 Qxc1+ 30. Kh2 0-1